Statistics for Title in the Lyrics - Songs That Start With B

Click here to take the quiz!

General Stats

  • This quiz has been taken 1,527 times
    (829 since last reset)
  • The average score is 7 of 18

Answer Stats

Answer% Correct
...{Baby}, oooh / I thought you'd always be mine (mine)
92%
When I'm not with you I lose my mind / Give me a sign / Hit me, {Baby,} {One} {More} {Time}
84%
I want your love and / I want your revenge / You and me could write a {Bad} {Romance}
81%
I wanna be a {Billionaire} so freakin' bad / Buy all of the things I never had
74%
And we danced all night to the {Best} {Song} {Ever} / We knew every line, now I can't remember
50%
Like a true nature's child / We were born, {Born} {to} {be} {Wild}
48%
{Blackbird} singing in the dead of night / Take these broken wings and learn to fly
47%
She's so rock steady (Bam-ba-Lam) / And she's always ready (Bam-ba-Lam) / Whoa, {Black} {Betty} (Bam-ba-Lam)
40%
No one knows what it's like / To be the bad man / To be the sad man / {Behind} {Blue} {Eyes}
29%
{Buffalo} {Soldier}, dreadlock Rasta
26%
You got me rockin' and a-rollin' / Rockin' and a-reelin' / {Barbara} {Ann}
25%
Like a {Bridge} {Over} {Troubled} {Water} / I will lay me down
24%
{Blinded} {by} {the} {Light} / Revved up like a deuce / Another runner in the night
22%
You're far from plastic / Talk about getting blasted / I hate these {Blurred} {Lines}
18%
She's a {Brick} {House} / She's mighty mighty, just lettin' it all hang out
17%
I'll never be your {Beast} {of} {Burden} / I've walked for miles, my feet are hurting
13%
{By} {the} {Way}, I tried to say, I'd be there / Waiting for
8%
I can still hear my old hound dog barkin' / Chasin' down a hoodoo there / Chasin' down a hoodoo there / {Born} {on} {the} {Bayou}
6%

Score Distribution

Percentile by Number Answered

Percent of People with Each Score

Your Score History

You have not taken this quiz since the last reset